CAF Members - Statistics

General Stats
  • This quiz has been taken 313 times
  • The average score is 45 of 55
Answer Stats
Member % Correct
Egypt
96%
Algeria
95%
Niger
94%
South Africa
94%
Morocco
92%
Nigeria
92%
Angola
91%
Ghana
90%
Zambia
89%
Cameroon
88%
Democratic Republic of Congo
88%
Republic of Congo
88%
Zimbabwe
88%
Sudan
87%
Togo
87%
Tunisia
87%
Chad
86%
Guinea
86%
Liberia
86%
Mali
86%
Senegal
86%
Cote d'Ivoire
85%
Ethiopia
85%
Libya
84%
Gabon
83%
Kenya
83%
Madagascar
83%
Rwanda
83%
South Sudan
83%
Uganda
83%
Lesotho
82%
Somalia
82%
Benin
81%
Tanzania
81%
Botswana
80%
Guinea Bissau
80%
Namibia
80%
Burundi
78%
Cape Verde
78%
Gambia
78%
Mozambique
78%
Mauritania
77%
Djibouti
76%
Swaziland
76%
Burkina Faso
75%
Central African Republic
75%
Malawi
75%
Seychelles
75%
Sierra Leone
75%
Equatorial Guinea
74%
Comoros
73%
Mauritius
72%
Sao Tome and Principe
70%
Zanzibar
46%
Reunion
28%
No matching quizzes found
Score Distribution
Percent of People with Each Score
Percentile by Number Answered
Your Score History
You have not taken this quiz